000 01298nam a2200265 i 4500
003 DO-SdBNP
005 20260429123224.0
007 ta
008 220915e2003 dr adc|gryt|| 001 0 spa d
040 _aDO-SdBNP
_bspa
_cBNPHU
_erda
082 4 _bP273m
_a22
245 1 0 _aMemorias 2003 /
_cPesentación, Miriam Díaz Santana
264 _aSanto Domingo :
_bMediabyte,
_c2003
300 _a74 páginas :
_bilustraciones, gráficas., retratos. ;
_c28 cm.
336 _2rdacontent
_atexto
_btxt
337 _2rdamedia
_asin mediación
_bn
338 _2rdacarrier
_avolumen
_bnc
505 _aPresentación.
_tConsejo Nacional.--
_tSistema Electoral y Sistema Político.--
_tFortalecimiento del Sistema Judicial y Derechos Ciudadanos.--
_tTransparencia de la Gestión Públicas.--
_tSostenibilidad Financiera y Gestión Interna.--
_tFortalecimiento de la Participación de la membresía.--
_tÁreas de Apoyo.--
_tInformes de Comisiones.--
_tInforme Financiero.
590 _aInventariado 2024 / MF
650 4 _aOrganizaciones sin ánimo de lucro
_xCorrespondencia, Memorias, etc.
_956956
650 2 0 _aParticipación política
_9456
651 4 _aParticipación Ciudadana (República Dominicana)
_xCorrespondencia, Memorias, etc.
_985523
700 1 _99620
_aDíaz Santana, Miriam,
_eprólogo
942 _2ddc
_cLBS1
999 _c52410
_d52410